| 000 | 01784cam a2200301 4500 | ||
|---|---|---|---|
| 001 | ABS67956 | ||
| 008 | 040618n2004 000 0 eng u | ||
| 035 | _a(Sirsi) u126513 | ||
| 245 | _aBrooke placates the sullen masses | ||
| 260 | _c2004 | ||
| 490 |
_aEstates Gazette _v(0424) 12 June 2004, 134-136(3) |
||
| 520 | _aOutlines the recommendations of the Brooke Review Committee, set up to investigate how the RICS could best respond to the needs of its members. "The Brooke report" (J126458) published on 7 June 2004 makes 44 recommendations. These include devolving more responsibility to local associations and enhancing the role of the three UK national associations, reorganising the existing 16 faculties into three groups, addressing communication issues to reduce information overload, the re-launch the RICS website, adopting a more member friendly tone and plain speaking in all communications to members, reviewing the RICS' self-regulatory role and enhancing the role of RICS Matrics. It is expected that the recommendations could be implemented immediately or within the next 12 months. Sets out a draft timetable for implementation of recommendations. | ||
| 590 | _aABS | ||
| 590 | _aABS | ||
| 650 | _aRICS BROOKE REVIEW | ||
| 650 | _aABOUT RICS | ||
| 650 | _aDEVOLUTION | ||
| 650 | _aMEMBERSHIP | ||
| 650 | _aRICS GOVERNING COUNCIL | ||
| 650 | _aABOUT RICS-RICS MATRICS | ||
| 650 | _aCOMMUNICATION | ||
| 650 | _aSELF-REGULATION | ||
| 650 | _aRICS NATIONAL ASSOCIATIONS | ||
| 690 | _aPROFESSIONAL PRACTICE | ||
| 856 |
_uhttps://www.rics.org/about_us/about_rics/brooke_review.html _zView the Brooke review web pages... |
||
| 856 |
_uhttps://www.rics.org/about_us/about_rics/brooke_review.html _zView the Brooke review web pages... |
||
| 942 | _n0 | ||
| 999 |
_c117546 _d117546 |
||